000 00819nam a2200193Ii 4500
003 JO-AjNU
008 230605s9999||||xx |||||||||||||| ||und||
040 _aJO-AjNU
_bara
_erda
_cJO-AjNU
041 _aara
050 1 4 _aKRM4334.H37.1995
100 3 _aهرجة، مصطفى مجدي ,
_eauthor
_936831
245 0 0 _aاجراءات الطعن بالتزويرفي المواد الجنائية والمدنية في ضوء أحدث الآراء الفقهية وأحكام القضاء
264 3 1 _aالاسكندرية : دار الفكر والقانون، 1995
300 _a179ص
336 _atext
_btxt
_2rdacontent
337 _aunmediated
_bn
_2rdamedia
338 _avolume
_bnc
_2rdacarrier
650 4 _aاجراءات الطعن بالتزويرفي المواد الجنائية والمدنية
_936832
999 _aA15337
_c18905
_d18905